| 000 | 00577nam a22002057a 4500 | ||
|---|---|---|---|
| 003 | OSt | ||
| 005 | 20240627112227.0 | ||
| 008 | 240627b |||||||| |||| 00| 0 eng d | ||
| 020 | _a0821350641 | ||
| 040 | _cMUST | ||
| 082 | _a340 WOR 2003 | ||
| 100 |
_aedited by Ko- Yung Tung _918224 |
||
| 245 | _aThe world Bank Legal review | ||
| 260 |
_aNewyork _b:Kluwer law international _c, C 2003 |
||
| 300 |
_aXIV,660P. _b; 24 cm |
||
| 504 | _aincludes index | ||
| 650 |
_aLaw and justice for development _918225 |
||
| 700 |
_aRudolf V Van Puymbroeck _918226 |
||
| 942 |
_2ddc _cO_SHELF |
||
| 999 |
_c8984 _d8984 |
||